Country by its Former Name - Statistics

General Stats
  • This quiz has been taken 72 times
  • The average score is 16 of 22
Answer Stats
Hint Answer % Correct
Persia Iran
92%
Siam Thailand
89%
Gaul France
88%
Burma Myanmar
86%
Tanganyika and Zanzibar Tanzania
86%
East Pakistan Bangladesh
85%
Ceylon Sri Lanka
85%
Moldavia Moldova
83%
Mesopotamia Iraq
82%
South west Africa Namibia
82%
Kampuchea Cambodia
80%
Southern Rhodesia Zimbabwe
78%
Hindustan India
75%
Abyssinia Ethiopia
74%
Northern Rhodesia Zambia
74%
Formosa Taiwan
72%
Tripolitania and Cyrenaica Libya
65%
Upper Volta Burkina Faso
62%
Zaire Democratic Republic of Congo
38%
Choson Korea
38%
Numidia Algeria
28%
Sudanese Republic Mali
23%
No matching quizzes found
Score Distribution
Percent of People with Each Score
Percentile by Number Answered
Your Score History
You have not taken this quiz